| 000 | 01877nam0a2200433 4500 | ||
|---|---|---|---|
| 001 | RU\NLR\bibl\1794562 | ||
| 005 | 20260405132002.0 | ||
| 010 | _a5-05-005494-X | ||
| 021 |
_aRU _b2011-50399 _93595 |
||
| 035 | _a(nilc)RSL-KNO-004967683 | ||
| 035 | _a(NLR Aleph) 001785249 | ||
| 090 |
_a1722982 _c1722982 |
||
| 100 | _a20110704d2011 |||y0rusy50 ca | ||
| 101 | 0 |
_arus _aspa |
|
| 102 |
_aRU _aES _aIN |
||
| 105 | _aa ||||||||| | ||
| 200 | 1 |
_aИндия русскими глазами Натальи Кузнецовой _dIndia de los ojoz rusos de Natalí Kuznetsova _fНаталья Кузнецова _zspa |
|
| 210 |
_aМосква _cТроица _aМадрид _c[б.и.] _aПанджим _c[б.и.] _d2011 |
||
| 215 |
_a289 с. _cил. _d16 |
||
| 225 | 1 |
_aПуть к совершенству _dCamino hacia la perfeccion _zspa |
|
| 300 | _aАвт. также на исп. яз.: Natalí Kuznetsova | ||
| 300 | _aТекста парал. рус., исп. | ||
| 510 | 1 |
_6z11790 _aIndia de los ojoz rusos de Natalí Kuznetsova _zspa |
|
| 607 |
_aИндия _xОписание и путешествия русские _z21 в. _92525886 _3RU\NLR\auth\661496434 |
||
| 610 | 0 | _aИндия | |
| 686 |
_aШ5(2=Р)75-646.43 _2rubbk |
||
| 686 | _aШ6(2=Р)8-464.3 | ||
| 686 | _aД890(57Ид)022 | ||
| 686 | _aШ6(2=Р)87исп. | ||
| 700 | 1 |
_4070 _8rus _7ca _aКузнецова _bН. И. _cлитератор, иллюстратор _f1993- _gНаталья Игоревна _3RU\NLR\auth\7752899 _935832 |
|
| 790 | 1 |
_4070 _8rus _7ba _aKuznecova _bN. I. _cлитератор, иллюстратор _f1993- _gNatal'ja Igorevna _3RU\NLR\auth\7752901 _935834 |
|
| 801 | 0 |
_aRU _bRuMoRKP _c20110704 _grcr |
|
| 801 | 1 |
_aRU _bРГБ _c20110704 |
|
| 801 | 2 |
_aRU _bNLR _c20110803 _grcr |
|
| 942 | _cBOOK | ||
| 980 | _aNB | ||